000 00847nam a22002777a 4500
003 BUBTL
008 130605b xxu||||| |||| 00| 0 eng d
020 _a81-85617-64-3
024 _cavailable
037 _cavailable
040 _ambstu library
_dmbstu library
082 _a428
_bBAH
100 _aBaugh, Sue L
110 _a Maridell Fryar and David A Thomas
245 _aHow to writing first class business correspondence; the hand book for business writing
260 _aUSA
_bNTC Publishing Group
_c2000
300 _a14 cm
_b302 page
_f10
_g14 cm
600 _2 English Usage
_a English Usage
700 _a Baugh, Sue L
710 _a Maridell Fryar and David A Thomas
856 _k0
_l0
_yDownload
270 _aUSA
_bUSA
_dUSA
365 _b111.00
_d111.00
942 _2ddc
_cBK
999 _c430
_d430